| 000 | 00853nam a2200265 4500 | ||
|---|---|---|---|
| 001 | 21122 | ||
| 003 | BD-RjUL | ||
| 005 | 20211209000642.0 | ||
| 008 | 140303s1968 mau 001 0 eng | ||
| 035 | _a(BD-RjUL)21186 | ||
| 040 |
_aDLC _cDLC _dDLC _dBD-RjUL _beng |
||
| 041 | _aeng | ||
| 082 | 0 | 0 |
_a808.882 _bBAF 1968 |
| 100 | 1 |
_aBartlett, John, _d1820-1905, _965294 |
|
| 245 | 1 | 0 |
_aFamiliar quotations : _ba collection of passages, phrases, and proverbs traced to their sources in ancient and modern literature / _cJohn Bartlett. |
| 250 | _a14th ed., rev. and enl. | ||
| 260 |
_aBoston : _bLittle, Brown, _c1968. |
||
| 300 |
_axviii, 1750 p. ; _c24 cm. |
||
| 504 | _aIncludes index. | ||
| 650 | 0 |
_aQuotations, English. _964548 |
|
| 700 | 1 |
_aBeck, Emily Morison, _eed. _965295 |
|
| 942 |
_2ddc _cBK |
||
| 999 |
_c21122 _d21122 |
||